[Event "Campeonato Carioca Absoluto FEXERJ  2023"]
[Site "Club Municipal - R Haddock Lob"]
[Date "2023.07.22"]
[Round "2.34"]
[White "Alan, Da Rocha Otero"]
[Black "Hugo, Fernando Marques Fer"]
[Result "1-0"]
[WhiteElo "1726"]
[BlackElo "1239"]
[PlyCount "37"]
[EventDate "2023.07.22"]

1. e4 c6 2. d4 Nf6 3. Nc3 d5 4. e5 Ne4 5. Nxe4 dxe4 6. Bc4 Bf5 7. Ne2 e6 8. h4
h6 9. c3 Be7 10. Be3 Bxh4 11. Qd2 g5 12. g3 Bxg3 13. Nxg3 Bg4 14. Bxg5 Qc7 15.
Nxe4 Nd7 16. Nd6+ Kf8 17. Bxh6+ Ke7 18. Qg5+ f6 19. Qg7+ 1-0

[Event "Campeonato Carioca Absoluto FEXERJ  2023"]
[Site "Club Municipal - R Haddock Lob"]
[Date "2023.07.22"]
[Round "2.35"]
[White "Alex, Freire Lima Alves"]
[Black "Bruno, Maciel Pinto Da Silv"]
[Result "0-1"]
[WhiteElo "1409"]
[BlackElo "1725"]
[PlyCount "32"]
[EventDate "2023.07.22"]

1. e4 d5 2. exd5 Nf6 3. Bc4 Nxd5 4. Nf3 Bf5 5. d4 e6 6. O-O Be7 7. Bf4 Nxf4 8.
Nc3 O-O 9. Qd2 Nd5 10. Rfe1 Nxc3 11. bxc3 Nd7 12. Rad1 c6 13. h3 Qc7 14. Ne5
Nxe5 15. Rxe5 Bd6 16. Re2 Rad8 0-1

[Event "Campeonato Carioca Absoluto FEXERJ  2023"]
[Site "Club Municipal - R Haddock Lob"]
[Date "2023.07.22"]
[Round "2.36"]
[White "Joao, Luiz Souto De Olivei"]
[Black "Juliana, Guimaraes Feijo De A"]
[Result "1-0"]
[WhiteElo "1725"]
[BlackElo "1177"]
[PlyCount "65"]
[EventDate "2023.07.22"]

1. Nf3 Nf6 2. d4 d5 3. c4 e6 4. Nc3 Bb4 5. Bg5 b6 6. e3 Bb7 7. Qc2 h6 8. Bh4
O-O 9. a3 Bxc3+ 10. Qxc3 Ne4 11. Qc2 Qd6 12. Ne5 Nd7 13. Nxd7 Qxd7 14. f3 Nd6
15. Bd3 c5 16. b3 cxd4 17. exd4 Rfe8 18. O-O e5 19. Rae1 exd4 20. Bf2 dxc4 21.
bxc4 Rac8 22. Rxe8+ Rxe8 23. Bxd4 Kf8 24. Qf2 Rc8 25. Re1 Ba6 26. Qg3 Nf5 27.
Bxf5 Qxd4+ 28. Kh1 Rd8 29. h3 Bxc4 30. Qc7 Qd2 31. Qe7+ Kg8 32. Qe8+ Rxe8 33.
Rxe8# 1-0

[Event "Campeonato Carioca Absoluto FEXERJ  2023"]
[Site "Club Municipal - R Haddock Lob"]
[Date "2023.07.22"]
[Round "2.37"]
[White "Albino, Manoel Simoes Dos Sa"]
[Black "Dante, Leonardo Zoratto"]
[Result "1/2-1/2"]
[WhiteElo "1364"]
[BlackElo "1714"]
[PlyCount "35"]
[EventDate "2023.07.22"]

1. d4 d5 2. Nf3 Nf6 3. c4 e6 4. Bg5 Be7 5. e3 O-O 6. Nc3 c5 7. cxd5 cxd4 8.
exd4 Nxd5 9. Bxe7 Nxe7 10. Bc4 Nbc6 11. O-O a6 12. d5 exd5 13. Nxd5 Nxd5 14.
Bxd5 Qf6 15. Bxc6 Qxc6 16. Rc1 Qb6 17. b3 Bg4 18. Qd4 1/2-1/2

[Event "Campeonato Carioca Absoluto FEXERJ  2023"]
[Site "Club Municipal - R Haddock Lob"]
[Date "2023.07.22"]
[Round "2.39"]
[White "Leticia, Dayane De Queiroz Si"]
[Black "Vinicius, Araujo Dias Braganca"]
[Result "0-1"]
[WhiteElo "1303"]
[BlackElo "1696"]
[PlyCount "42"]
[EventDate "2023.07.22"]

1. d4 Nf6 2. c4 e6 3. Nc3 Bb4 4. Qc2 Bxc3+ 5. Qxc3 O-O 6. e4 Nxe4 7. Qe3 Nf6 8.
Bd3 d5 9. cxd5 Qxd5 10. Nf3 Nbd7 11. O-O b6 12. b3 Bb7 13. Be2 Rac8 14. Bb2 Qe4
15. Qd2 Rfd8 16. Rac1 c5 17. Ne1 Qg6 18. f3 Nd5 19. Nd3 Qh6 20. f4 Nb4 21. f5
Qxd2 0-1

[Event "Campeonato Carioca Absoluto FEXERJ  2023"]
[Site "Club Municipal - R Haddock Lob"]
[Date "2023.07.22"]
[Round "2.41"]
[White "Bruno, de Paula Soares"]
[Black "Luiz, Octavio Alves Da Cos"]
[Result "0-1"]
[WhiteElo "1219"]
[BlackElo "1663"]
[PlyCount "148"]
[EventDate "2023.07.22"]

1. b3 c5 2. Bb2 Nf6 3. f4 d6 4. Nf3 Nc6 5. c4 g6 6. Nc3 Bg7 7. e3 O-O 8. Bd3 d5
9. cxd5 Nxd5 10. Qc2 Ncb4 11. Qb1 Nxd3+ 12. Qxd3 Nxc3 13. Qxd8 Rxd8 14. Bxc3
Bxc3 15. dxc3 f6 16. a3 Rd3 17. Rc1 Rxe3+ 18. Kf2 Rd3 19. Rhe1 Kf7 20. Re2 Bd7
21. Rce1 e6 22. Re3 Rxe3 23. Rxe3 Rd8 24. Ke2 Bc6 25. g3 b6 26. Nd2 Rd6 27. Rd3
Ke7 28. Rxd6 Kxd6 29. Ke3 a5 30. Nc4+ Kc7 31. Nb2 Bd5 32. b4 cxb4 33. axb4 axb4
34. cxb4 Kc6 35. Kd4 Kb5 36. Kc3 e5 37. fxe5 fxe5 38. Nd1 Bf3 39. Ne3 e4 40.
Nd5 Kc6 41. Kd4 Kb5 42. Nc3+ Kxb4 43. Nd5+ Ka5 44. Nf6 h5 45. Nd5 b5 46. Kc3
Ka4 47. h4 Ka3 48. Nb4 e3 49. Nc2+ Ka4 50. Nxe3 b4+ 51. Kb2 Kb5 52. Nc2 Kc5 53.
Kb3 Bd5+ 54. Kb2 Kc4 55. Ne3+ Kd4 56. Nc2+ Kc5 57. Ne3 Kd4 58. Nc2+ Kc5 59. Ne3
Be6 60. Ng2 Kd4 61. Nf4 Bf5 62. Kb3 Ke3 63. Kxb4 Kf3 64. Kc3 Kxg3 65. Ne2+ Kxh4
66. Kd2 Kg4 67. Ke1 Kf3 68. Kf1 Bd3 69. Kg1 Bxe2 70. Kh2 g5 71. Kh1 g4 72. Kh2
g3+ 73. Kh3 g2 74. Kh4 g1=Q 0-1